[Event "Mittelrhein Verbandsliga-W 17/18"]
[Site "Nordrheinwestfalen"]
[Date "2018.04.15"]
[Round "10.6"]
[White "Esper, Tim"]
[Black "Hoefner, Christoph"]
[Result "1/2-1/2"]
[WhiteElo "1696"]
[BlackElo "1790"]
[PlyCount "51"]
[EventDate "2017.09.10"]
[EventType "team-tourn"]
[EventRounds "11"]
[EventCountry "GER"]
[SourceTitle "EXT 2022"]
[Source "ChessBase"]
[SourceDate "2021.10.06"]
[SourceVersion "1"]
[SourceVersionDate "2021.10.06"]
[SourceQuality "1"]
[WhiteTeam "Dueren Derichsweiler"]
[BlackTeam "Bruehl III"]
[WhiteTeamCountry "GER"]
[BlackTeamCountry "GER"]

1. d4 Nf6 2. Nf3 c5 3. e3 cxd4 4. exd4 d5 5. Bd3 Bg4 6. 0-0 Nc6 7. c3 e6 8. Bg5 Be7 9. Nbd2 Rc8 10. Qa4 0-0 11. Rfe1 Bxf3 12. Nxf3 h6 13. Bh4 a6 14. h3 Qa5 15. Qxa5 Nxa5 16. Ne5 g5 17. Bg3 b5 18. a4 Nc4 19. axb5 axb5 20. Ra2 Ra8 21. Rea1 Rxa2 22. Rxa2 Nh5 23. Bh2 Nf4 24. Bxf4 gxf4 25. Nf3 Rb8 26. Kf1 1/2-1/2

[Event "Mittelrhein Verbandsliga-W 17/18"]
[Site "Nordrheinwestfalen"]
[Date "2017.12.03"]
[Round "5.6"]
[White "Hartmann, Valeri"]
[Black "Esper, Tim"]
[Result "1/2-1/2"]
[WhiteElo "1893"]
[BlackElo "1715"]
[PlyCount "42"]
[EventDate "2017.09.10"]
[EventType "team-tourn"]
[EventRounds "11"]
[EventCountry "GER"]
[SourceTitle "EXT 2022"]
[Source "ChessBase"]
[SourceDate "2021.10.06"]
[SourceVersion "1"]
[SourceVersionDate "2021.10.06"]
[SourceQuality "1"]
[WhiteTeam "Erftstadt SV"]
[BlackTeam "Dueren Derichsweiler"]
[WhiteTeamCountry "GER"]
[BlackTeamCountry "GER"]

1. e4 c6 2. d4 d5 3. Nc3 dxe4 4. Nxe4 Bf5 5. Ng3 Bg6 6. Nf3 Nd7 7. Bd3 Bxd3 8. Qxd3 Ngf6 9. 0-0 e6 10. Re1 Be7 11. Qb3 Qb6 12. Qxb6 Nxb6 13. c3 Rd8 14. h3 Nbd5 15. a3 Nd7 16. Bg5 Bxg5 17. Nxg5 0-0 18. N5e4 N7f6 19. Nxf6+ Nxf6 20. Ne4 Nxe4 21. Rxe4 Rd7 1/2-1/2

[Event "Mittelrhein Verbandsliga-W 16/17"]
[Site "Nordrheinwestfalen"]
[Date "2016.10.02"]
[Round "2.6"]
[White "Spies, Ulrich"]
[Black "Esper, Tim"]
[Result "1/2-1/2"]
[WhiteElo "1845"]
[BlackElo "1512"]
[PlyCount "62"]
[EventDate "2016.09.11"]
[EventType "team-tourn"]
[EventRounds "11"]
[EventCountry "GER"]
[SourceTitle "EXT 2022"]
[Source "ChessBase"]
[SourceDate "2021.10.06"]
[SourceVersion "1"]
[SourceVersionDate "2021.10.06"]
[SourceQuality "1"]
[WhiteTeam "Eschweiler SC"]
[BlackTeam "Bergheim"]
[WhiteTeamCountry "GER"]
[BlackTeamCountry "GER"]

1. e4 c6 2. d4 d5 3. exd5 cxd5 4. Nf3 Nf6 5. Bb5+ Bd7 6. Bxd7+ Nbxd7 7. 0-0 e6 8. Bg5 Qb6 9. Qc1 Be7 10. c3 0-0 11. Ne5 Rfe8 12. Nxd7 Nxd7 13. Bxe7 Rxe7 14. Nd2 Rc8 15. Nf3 Nf6 16. Rb1 Qd6 17. Qe3 b5 18. a3 a5 19. Rfc1 Rec7 20. b4 Ne4 21. bxa5 Nxc3 22. Kf1 Nxb1 23. Rxb1 Rc3 24. Qd2 Qxa3 25. Rxb5 Qc1+ 26. Qxc1 Rxc1+ 27. Ke2 R1c7 28. Nd2 Ra7 29. Nb3 Rca8 30. Kd3 g6 31. Kc3 Rc7+ 1/2-1/2